01149nam a2200169Ia 4500008004100000020001500041050001300056082001800069100002900087245006400116260003300180300002300213500009300236505057000329650004500899700003500944120622s9999 xx 000 0 und d a9681800761 aP95bZ33 a302.2242 Z16c aZacharis, John C.eautor aComunicación oralc / John C. Zacharis, Coleman C. Bender aMéxicob : Limusac , 1991 axi ; 270 páginas aIncluye: Dedicatoria Prólogo Tabla de contenido Índice analítico Sobre los autores aUn enfoque racional al origen de la comunicación Examen del proceso de comunicación valoración del ambiente de comunicación Formulación de una idea Selección de la información: los usos de las pruebas Estructuración del mensaje: la opción informativa Enfoque de la opción persuasiva: establecimiento de una posición Estructuración del mensaje: la opción lógica Estructuración del mensaje: la opción sociológica La evaluación racional La decisión racional La racionalidad a través del lenguaje Incremento del acto de comunicar 0aCOMUNICACIÓN xASPECTOS PSICOLÓGICOS aBender, Coleman C. ; coaut.Ì